000 00665nam a2200229Ia 4500
003 OSt
005 20220923225058.0
006 a|||||r|||| 00| 0
007 ta
008 220922b |||||||| |||| 00| 0 hin d
024 _a256,458
037 _cTextual
040 _aARTS
_cARTS
_bhin
041 _2hin
_ahin
082 _aR625x5,1:g, 152K7
100 _aमिश्र
245 0 _aतर्क भाषा
246 _aTarka bhāṣhā
260 _aवाराणसी
_b चौखम्बा संस्कृत सीरीज
_c1967
942 _hR625x5,1:g, 152K7
_cTEXL
_2CC
999 _c375882
_d375882